01033nabaa22001817a 4500003000400000005001700004008004100021040000700062100002200069245010300091300001500194500003600209505033800245505008900583650002700672650004000699773011200739OSt20260129020329.0190701b xxu||||| |||| 00| 0 spa d cPJ aBerriel, Natalie 10aImpacto del dec. 780/2024 en la Ley de Acceso a la Información Pública /b cNatalie Berriel.  ap. 114-124 aCita: TR LALEY AR/DOC/808/2025  aSumario: I. Introducción.— II. El principio de buena fe: un nuevo enfoque. — III. Modificaciones en las definiciones clave.— IV. Nuevos requisitos para la solicitud de información.— V. Modificación de las excepciones al acceso a la información.— VI. Nuevas funciones.— VII. Conclusión.— VIII. Bibliografía.  t¿Te interesa el texto completo? Comunicate al correo: koha@justierradelfuego.gov.ar 0aDERECHO ADMINISTRATIVO 0aACCESO A LA INFORMACIÓN PÚBLICA0 02842dBuenos Aires : AbeledoPerrot, 2012-oDA121tDerecho administrativo. Nº 159 mayo/junio 2025z18510590